000 01308cam a2200325 4500
001
008 030113n2002 000 0 eng u
020 _a1900648199
035 _a(Sirsi) u120974
050 _a658.2
_c18
100 _aHanson, Marc
245 _aGuide to facilities management contracts
250 _a2nd ed.
260 _aCambridge
_bWorkplace Law Network
_c2002
300 _a91p.
_c30cm.
350 _a49.50
520 _aA new edition of this guide which examines typical contractual provisions, their uses in facilities management contracts and how such provisions have historically been interpreted by the Courts. The report includes an examination of relevant statutory provisions. Key elements of FM contracts are also discussed including timing, quality considerations, pricing methods, resolving disputes, and what provisions to make in the event of termination.
650 _aDISPUTE RESOLUTION
_96236
650 _aEU PUBLIC PROCUREMENT RULES
650 _aFACILITIES MANAGEMENT CONTRACTS
650 _aFM SERVICES
650 _aPARTNERING
650 _aPFI
650 _aPROFESSIONAL FEES
650 _aPUBLIC PRIVATE PARTNERSHIPS
650 _aTENDERING
650 _aTERMINATION OF CONTRACT
690 _aMANAGEMENT-FACILITIES MANAGEMENT
942 _n0
999 _c102584
_d102584